[Event "Dundee & Angus Major"]
[Site "?"]
[Date "2013.10.12"]
[Round "3"]
[White "Pearson, Walter"]
[Black "Clinton, William"]
[Result "1-0"]
[WhiteElo "1458"]
[BlackElo "1543"]
[PlyCount "113"]
[EventDate "2013.??.??"]

1. e4 d5 2. exd5 Qxd5 3. Nc3 Qa5 4. d4 c6 5. Nf3 Nf6 6. Bc4 Bg4 7. h3 Bh5 8.
Bd2 Qc7 9. Qe2 Nbd7 10. O-O-O O-O-O 11. g4 Bg6 12. Nh4 e6 13. f4 Bd6 14. Qf2
Ne4 15. Nxe4 Bxe4 16. Rhe1 Bd5 17. Bb3 Bxb3 18. axb3 Rhe8 19. Ng2 c5 20. Bc3 c4
21. bxc4 Qxc4 22. Qe2 Qa4 23. Rd3 Nb6 24. b3 Qc6 25. Kb2 Nd5 26. Bd2 Kb8 27. c4
Nb4 28. Rc3 Be7 29. Qe4 Bf6 30. Qxc6 Nxc6 31. Be3 Bxd4 32. Bxd4 Rxd4 33. Rg3
Red8 34. Kc3 Kc7 35. Re2 Kb6 36. f5 e5 37. Ne1 h6 38. Rd3 f6 39. Rde3 Kc5 40.
Nd3+ Kb6 41. Nb2 R8d7 42. Na4+ Kc7 43. Nc5 R7d6 44. Ne6+ Rxe6 45. fxe6 Kd6 46.
Rd3 Kxe6 47. Rxd4 Nxd4 48. Re3 g6 49. b4 f5 50. gxf5+ gxf5 51. Re1 f4 52. Kd3
Kf5 53. Rg1 f3 54. b5 Kf4 55. Rg4+ Kf5 56. Ke3 h5 57. Rg7 1-0

[Event "Dundee & Angus Major"]
[Site "?"]
[Date "2013.10.12"]
[Round "3"]
[White "Adams, David"]
[Black "Shafi, Paul"]
[Result "1/2-1/2"]
[WhiteElo "1513"]
[BlackElo "1478"]
[PlyCount "50"]
[EventDate "2013.??.??"]

1. c4 f5 2. d4 Nf6 3. Nc3 e6 4. Bf4 d5 5. e3 Bd6 6. Bxd6 Qxd6 7. Nf3 c6 8. Bd3
Nbd7 9. Qc2 Ne4 10. O-O O-O 11. Nd2 Ndf6 12. f3 Ng5 13. cxd5 cxd5 14. Nb5 Qc6
15. Qb3 Bd7 16. Rac1 Qb6 17. Nc3 Qxb3 18. Nxb3 b6 19. Bb5 Rac8 20. Bxd7 Nxd7
21. h4 Nf7 22. Ne2 Nd6 23. Nd2 Kf7 24. b3 h6 25. Rxc8 Rxc8 1/2-1/2

[Event "Dundee & Angus Major"]
[Site "?"]
[Date "2013.10.12"]
[Round "3"]
[White "Waugh, Norman"]
[Black "Watt, Callum"]
[Result "0-1"]
[WhiteElo "1183"]
[BlackElo "1556"]
[PlyCount "70"]
[EventDate "2013.??.??"]

1. e4 d6 2. d4 Nf6 3. Nc3 g6 4. Nf3 Bg7 5. Bc4 c6 6. O-O b5 7. Bd3 O-O 8. h3
Bb7 9. a3 a6 10. Be3 Nbd7 11. b4 Qc7 12. Qd2 Rac8 13. Rfe1 c5 14. d5 cxb4 15.
Ne2 bxa3 16. Rxa3 Nc5 17. Bxc5 dxc5 18. c4 b4 19. Ra2 Nd7 20. Nc1 Bc3 21. Qe2
Bxe1 22. Qxe1 Ne5 23. Nxe5 Qxe5 24. Nb3 Rc7 25. Qd2 Ra8 26. Na5 Qd6 27. Nxb7
Rxb7 28. Ra5 b3 29. Qb2 f6 30. Ra3 Qe5 31. Qxe5 fxe5 32. Ra5 b2 33. Rxc5 b1=Q+
34. Bxb1 Rxb1+ 35. Kh2 Rb6 0-1

[Event "Dundee & Angus Major"]
[Site "?"]
[Date "2013.10.12"]
[Round "3"]
[White "Gonzalez, Maria"]
[Black "Congalton, David"]
[Result "1-0"]
[WhiteElo "1506"]
[BlackElo "1400"]
[PlyCount "25"]
[EventDate "2013.??.??"]

1. e4 d6 2. d4 g6 3. Nf3 Bg7 4. Bc4 Nf6 5. e5 dxe5 6. Nxe5 O-O 7. O-O Nbd7 8.
Bg5 h6 9. Bxf6 Bxf6 10. Nxg6 Nb6 11. Bb3 Re8 12. c3 Kg7 13. Nf4 1-0

[Event "Dundee & Angus Major"]
[Site "?"]
[Date "2013.10.12"]
[Round "3"]
[White "Waddell, Alexander"]
[Black "Walsh, Peter"]
[Result "1/2-1/2"]
[WhiteElo "1374"]
[BlackElo "1486"]
[PlyCount "81"]
[EventDate "2013.??.??"]

1. e4 c5 2. d4 cxd4 3. c3 dxc3 4. Nxc3 e6 5. Nf3 d6 6. Bc4 Nf6 7. O-O Be7 8. h3
Nc6 9. Be3 O-O 10. Qe2 Nd7 11. Rfd1 Nde5 12. Nxe5 Nxe5 13. Bb3 Nc6 14. Rac1 b6
15. Bf4 Bb7 16. Nb5 e5 17. Bg3 a6 18. Nc3 Nd4 19. Qd3 Nxb3 20. axb3 Rc8 21. Nd5
Bxd5 22. Qxd5 Rc5 23. Qb7 a5 24. Rxc5 bxc5 25. Bxe5 Qb8 26. Qxb8 Rxb8 27. Bxd6
Rd8 28. e5 f6 29. f4 Kf7 30. Kf2 Ke6 31. Ke2 Bxd6 32. Rxd6+ Rxd6 33. exd6 Kxd6
34. Ke3 f5 35. g4 Ke6 36. Kd3 fxg4 37. hxg4 Kd5 38. f5 Ke5 39. Ke3 h6 40. Kf3
Kd5 41. Kf4 1/2-1/2

[Event "Dundee & Angus Major"]
[Site "?"]
[Date "2013.10.13"]
[Round "4"]
[White "Noble, Ray"]
[Black "Pearston M, John"]
[Result "1-0"]
[WhiteElo "1496"]
[BlackElo "1500"]
[PlyCount "61"]
[EventDate "2013.??.??"]

1. e4 e5 2. Nf3 Nf6 3. d3 Nc6 4. Nc3 Bb4 5. Bd2 O-O 6. Be2 d5 7. exd5 Nxd5 8.
Nxd5 Bxd2+ 9. Qxd2 Qxd5 10. O-O Bg4 11. h3 Bh5 12. a3 Rad8 13. Rad1 Nd4 14.
Nxd4 Bxe2 15. Nxe2 e4 16. d4 f5 17. Nf4 Qd6 18. d5 Rf6 19. Nh5 Rh6 20. Qg5 Rg6
21. Qxf5 Rf8 22. Qxe4 Qd7 23. Rd3 Re8 24. Qc4 Kh8 25. Rg3 Qf5 26. Rxg6 Qxg6 27.
Nf4 Qf5 28. Ne6 Qe5 29. Qb3 h6 30. Qxb7 Kh7 31. c4 1-0

[Event "Dundee & Angus Major"]
[Site "?"]
[Date "2013.10.13"]
[Round "4"]
[White "Watt, Callum"]
[Black "Pearson, Walter"]
[Result "1-0"]
[WhiteElo "1556"]
[BlackElo "1458"]
[PlyCount "85"]
[EventDate "2013.??.??"]

1. e4 e5 2. Nf3 d6 3. d4 exd4 4. Nxd4 Nf6 5. f3 Be7 6. Be3 Bd7 7. Bc4 Nc6 8.
O-O a6 9. a3 O-O 10. Nc3 Nxd4 11. Qxd4 Be6 12. Rad1 Re8 13. Rfe1 Nd7 14. Nd5
Bf8 15. f4 f6 16. b4 b5 17. Bf1 Rb8 18. f5 Bf7 19. Kh1 Ne5 20. Qc3 c6 21. Nf4
Qc8 22. h3 c5 23. bxc5 dxc5 24. Nd5 c4 25. Bf4 Qc5 26. Qg3 Qxa3 27. Nxf6+ Kh8
28. Re3 Qb2 29. Nxe8 Rxe8 30. Bxe5 Rxe5 31. Rd8 Kg8 32. f6 g6 33. Re2 Re8 34.
Rxe8 Bxe8 35. Rf2 Bf7 36. Qc7 Qa3 37. e5 Qc5 38. Qxc5 Bxc5 39. Rd2 Be8 40. e6
Kf8 41. f7 Bc6 42. Rd8+ Kg7 43. Rc8 1-0

[Event "Dundee & Angus Major"]
[Site "?"]
[Date "2013.10.13"]
[Round "4"]
[White "Heathwood, Dick"]
[Black "Flockhart, Hugh"]
[Result "1/2-1/2"]
[WhiteElo "1439"]
[BlackElo "1586"]
[PlyCount "31"]
[EventDate "2013.??.??"]

1. d4 Nf6 2. Nf3 g6 3. Nc3 d5 4. Bf4 Bg7 5. e3 O-O 6. Bd3 c6 7. Qd2 Re8 8. Ne5
Nfd7 9. Nf3 Nf6 10. h3 Nbd7 11. O-O Nh5 12. Bh2 Nhf6 13. a4 Nf8 14. b4 Ne6 15.
a5 Rf8 16. Qe2 1/2-1/2

[Event "Dundee & Angus Major"]
[Site "?"]
[Date "2013.10.13"]
[Round "4"]
[White "Gray, Euan"]
[Black "Andrews, Norman"]
[Result "1-0"]
[WhiteElo "1434"]
[BlackElo "1560"]
[PlyCount "100"]
[EventDate "2013.??.??"]

1. e4 c5 2. Nc3 g6 3. f4 Bg7 4. Nf3 Nc6 5. Bc4 e6 6. d3 Nge7 7. O-O O-O 8. Bb3
Na5 9. Qe1 Nxb3 10. axb3 Nc6 11. Kh1 Nd4 12. Nxd4 cxd4 13. Nb5 a6 14. Qb4 Re8
15. Nxd4 Bf8 16. Qc3 Bg7 17. Be3 d6 18. Qd2 f5 19. exf5 exf5 20. Rfe1 Bd7 21.
Qb4 Qc7 22. c3 Re7 23. Nc2 a5 24. Qc4+ Qxc4 25. dxc4 Ra6 26. Na3 Bf8 27. Kg1
Bc6 28. Rad1 Be4 29. Kf2 Kf7 30. Rd2 Ke6 31. Red1 Rd7 32. h3 Be7 33. g3 h6 34.
h4 h5 35. b4 axb4 36. cxb4 d5 37. c5 Rd8 38. Bd4 Rc6 39. Be5 Bf6 40. Bxf6 Kxf6
41. Ke3 b6 42. cxb6 Rxb6 43. Rd4 Rdb8 44. b5 Rc8 45. Ra4 Rc5 46. Kd4 Rc8 47.
Re1 Ke6 48. Re3 Kd6 49. b4 Ke6 50. Rc3 Rxc3 1-0

[Event "Dundee & Angus Major"]
[Site "?"]
[Date "2013.10.13"]
[Round "4"]
[White "Barron-Majerik, Jan"]
[Black "Adams, David"]
[Result "1-0"]
[WhiteElo "1388"]
[BlackElo "1513"]
[PlyCount "101"]
[EventDate "2013.??.??"]

1. c4 c5 2. Nc3 Nf6 3. Nf3 Nc6 4. e3 e6 5. d4 cxd4 6. exd4 d6 7. Be2 d5 8. a3
Be7 9. c5 O-O 10. Bf4 Nh5 11. Bg3 Nxg3 12. fxg3 Bd7 13. O-O e5 14. Nxd5 exd4
15. b4 Be6 16. Nxe7+ Qxe7 17. Bd3 Rad8 18. Qd2 h6 19. Rae1 Qc7 20. Rf2 a6 21.
Rfe2 Qc8 22. Ne5 Nxe5 23. Rxe5 Rd5 24. Rxd5 Bxd5 25. Be4 Be6 26. Qxd4 Rd8 27.
Qe3 Qd7 28. Kf2 Qb5 29. Re2 Rd1 30. Re1 Rd8 31. h3 Qd7 32. g4 Qb5 33. Kg1 Qd7
34. Kh2 Qc7+ 35. Kh1 Qd7 36. Rf1 Re8 37. Qf3 Bc4 38. Rf2 Qe7 39. Bxb7 Qc7 40.
Be4 Qe5 41. Bc2 Bd5 42. Qf5 Qe1+ 43. Kh2 g6 44. Qf4 Kg7 45. Rf1 Qe2 46. Qf2
Qe5+ 47. Kg1 Qc3 48. Rc1 Qxa3 49. Qd4+ f6 50. Rf1 Bxg2 51. Qxf6+ 1-0

[Event "Dundee & Angus Major"]
[Site "?"]
[Date "2013.10.13"]
[Round "4"]
[White "Stewart, Jack"]
[Black "Gonzales, Maria"]
[Result "1-0"]
[WhiteElo "1232"]
[BlackElo "1506"]
[PlyCount "133"]
[EventDate "2013.??.??"]

1. e4 e6 2. d4 d5 3. e5 c5 4. c3 Nc6 5. Nf3 Qb6 6. Be2 cxd4 7. cxd4 Bb4+ 8. Nc3
Nge7 9. a3 Bxc3+ 10. bxc3 Bd7 11. Qc2 Rc8 12. Qb2 Qc7 13. Bd2 b6 14. O-O Na5
15. Rfc1 Nc4 16. Qb3 O-O 17. Be1 Nc6 18. Nd2 N6a5 19. Qb4 Qc6 20. Nxc4 Nxc4 21.
Bxc4 Qxc4 22. Rab1 Rc7 23. Rb2 Bc8 24. Qxc4 Rxc4 25. Rb4 Ba6 26. Rxc4 Bxc4 27.
f4 Rc8 28. Kf2 Rc6 29. Ke3 b5 30. Bd2 Kf8 31. Ra1 Ra6 32. g4 Ke7 33. h4 Kd7 34.
Bc1 Bf1 35. Ra2 Bh3 36. Kf3 Rc6 37. Re2 Kc7 38. Bb2 Kb6 39. Rf2 h5 40. gxh5 Bf5
41. Rd2 Rc8 42. Ke3 Rh8 43. Rh2 Rxh5 44. Kf3 Rh6 45. Ke3 Ka5 46. Rg2 Rxh4 47.
Rxg7 Rh3+ 48. Kd2 Rh2+ 49. Ke3 Bg6 50. Bc1 Rh3+ 51. Kd2 Rh2+ 52. Ke3 Rc2 53.
Bd2 a6 54. c4+ Ka4 55. cxd5 exd5 56. Bb4 Rc1 57. f5 Bxf5 58. Rxf7 Bg4 59. Rg7
Bc8 60. e6 Rh1 61. e7 Rh3+ 62. Kf4 Rh8 63. Ke5 Re8 64. Kxd5 Kb3 65. Kc6 Bf5 66.
d5 Be4 67. Kd7 1-0

[Event "Dundee & Angus Major"]
[Site "?"]
[Date "2013.10.13"]
[Round "4"]
[White "Shafi, Paul"]
[Black "Straw, Nicholas"]
[Result "1/2-1/2"]
[WhiteElo "1478"]
[BlackElo "987"]
[PlyCount "98"]
[EventDate "2013.??.??"]

1. d4 Nf6 2. Bf4 g6 3. Nf3 Bg7 4. e3 O-O 5. Nbd2 d6 6. h3 Nbd7 7. Be2 Re8 8.
O-O c5 9. c3 cxd4 10. exd4 e5 11. dxe5 dxe5 12. Bh2 e4 13. Nd4 Ne5 14. Re1 Qd5
15. Qb3 Qxb3 16. axb3 b6 17. Nb5 Re7 18. Bxe5 Rxe5 19. Nc7 Rb8 20. Rxa7 e3 21.
fxe3 Rxe3 22. Kf2 Bh6 23. Bc4 Rxe1 24. Kxe1 Rb7 25. Rxb7 Bxb7 26. Bf1 Nd5 27.
Nxd5 Bxd5 28. Nc4 Bxc4 29. bxc4 Kf8 30. Ke2 Ke7 31. Kd3 Kd6 32. Be2 Bf4 33. Ke4
Be5 34. Bf3 f6 35. Kd3 h5 36. b4 Kc7 37. Bd5 h4 38. Be4 g5 39. c5 bxc5 40. bxc5
Kd7 41. c4 Kc7 42. c6 Kb6 43. Bd5 Kc5 44. Ke4 Kd6 45. Kf5 Bc3 46. Be4 Be5 47.
Bf3 Ke7 48. c5 Bd4 49. c7 Kd7 1/2-1/2

[Event "Dundee & Angus Major"]
[Site "?"]
[Date "2013.10.13"]
[Round "4"]
[White "Clinton, William"]
[Black "Waddell, Alexander"]
[Result "1-0"]
[WhiteElo "1543"]
[BlackElo "1374"]
[PlyCount "53"]
[EventDate "2013.??.??"]

1. e4 c6 2. d4 d5 3. f3 dxe4 4. fxe4 Nf6 5. e5 Nd5 6. c4 Nb6 7. Nc3 Bf5 8. Nf3
h6 9. Bd3 Bxd3 10. Qxd3 e6 11. O-O Na6 12. Be3 Qd7 13. a4 Nb4 14. Qe2 Nc8 15.
Rad1 Ne7 16. Ne4 Nf5 17. Bf2 h5 18. Nh4 Be7 19. Nxf5 exf5 20. Nc3 Qe6 21. d5
cxd5 22. cxd5 Qg6 23. d6 Nc6 24. dxe7 Nxe7 25. Rd6 Qg4 26. Qb5+ Nc6 27. Rxc6
1-0

[Event "Dundee & Angus Major"]
[Site "?"]
[Date "2013.10.13"]
[Round "4"]
[White "Duke, Harvey"]
[Black "Chalmers, Martin"]
[Result "0-1"]
[WhiteElo "1299"]
[BlackElo "1496"]
[PlyCount "74"]
[EventDate "2013.??.??"]

1. d4 e6 2. e4 d5 3. exd5 exd5 4. c4 Nf6 5. g3 dxc4 6. Bg2 c6 7. Ne2 Be7 8. O-O
O-O 9. a3 Na6 10. Nbc3 Nc7 11. Bg5 Be6 12. Nf4 h6 13. Nxe6 Nxe6 14. Be3 Qd7 15.
Ne2 Nd5 16. Qc2 Nxe3 17. fxe3 Bg5 18. Nf4 Nxf4 19. gxf4 Bf6 20. Rad1 Rfe8 21.
Qf2 Rad8 22. d5 cxd5 23. Rxd5 Qe7 24. Rxd8 Rxd8 25. Re1 Bh4 26. Qe2 Bxe1 27.
Qxe1 b6 28. h3 Qd6 29. Qg3 Qd1+ 30. Kh2 Qd2 31. e4 Qxb2 32. e5 Rd2 33. f5 Rxg2+
34. Qxg2 Qxg2+ 35. Kxg2 c3 36. e6 fxe6 37. fxe6 Kf8 0-1

[Event "Dundee & Angus Major"]
[Site "?"]
[Date "2013.10.13"]
[Round "4"]
[White "Doherty, Terry"]
[Black "Cassidy, Bernard"]
[Result "1/2-1/2"]
[WhiteElo "1388"]
[BlackElo "1488"]
[PlyCount "116"]
[EventDate "2013.??.??"]

1. d4 d5 2. Nf3 Nf6 3. e3 Bf5 4. Bd3 Bxd3 5. Qxd3 c6 6. O-O e6 7. Nbd2 Be7 8.
b3 O-O 9. Bb2 Nbd7 10. Rac1 Nb6 11. c4 dxc4 12. Nxc4 Nbd5 13. a3 h6 14. Nce5
Nd7 15. Nxd7 Qxd7 16. Ne5 Qd6 17. f4 Rad8 18. Rf3 Nf6 19. Qc4 Ne4 20. Qd3 Nf6
21. Qc4 Qd5 22. h3 Qxc4 23. Nxc4 Ne4 24. Rd1 Rd5 25. Nd2 Nf6 26. e4 Rd7 27. e5
Nd5 28. Ne4 Rfd8 29. g3 f5 30. Nd2 g5 31. Kf2 gxf4 32. gxf4 Bh4+ 33. Ke2 Rg7
34. Kd3 Kh7 35. Nc4 Rdg8 36. Bc1 Rg3 37. Rdf1 Nxf4+ 38. Bxf4 R3g7 39. Nd6 Rd8
40. a4 a6 41. b4 Rdg8 42. b5 axb5 43. axb5 Ra8 44. Bd2 Ra3+ 45. Bc3 Bd8 46.
bxc6 bxc6 47. Rc1 Rc7 48. Rb1 Be7 49. Rf2 Bxd6 50. exd6 Rd7 51. Rfb2 Rxd6 52.
Rb3 Rxb3 53. Rxb3 e5 54. Ke3 f4+ 55. Ke4 f3 56. Rb1 exd4 57. Bxd4 Rd7 58. Rf1
Rf7 1/2-1/2

[Event "Dundee & Angus Major"]
[Site "?"]
[Date "2013.10.13"]
[Round "5"]
[White "Gray, Euan"]
[Black "Noble, Ray"]
[Result "1/2-1/2"]
[WhiteElo "1434"]
[BlackElo "1496"]
[PlyCount "59"]
[EventDate "2013.??.??"]

1. e4 c5 2. Nc3 Nc6 3. f4 g6 4. Nf3 Bg7 5. Bc4 e6 6. d3 Nge7 7. O-O O-O 8. Bb3
a6 9. a4 d5 10. Qe1 Nd4 11. Nxd4 cxd4 12. Ne2 dxe4 13. dxe4 Nc6 14. Qg3 Qa5 15.
e5 Qc5 16. Qd3 Rd8 17. Bd2 Nb4 18. Bxb4 Qxb4 19. Ng3 Bd7 20. Rfd1 Bc6 21. Ne4
Bxe4 22. Qxe4 Qc5 23. Rd3 Rd7 24. Rad1 Rad8 25. Kh1 Qc6 26. Qxc6 bxc6 27. Bc4
a5 28. c3 c5 29. Bb5 Rc7 30. c4 1/2-1/2

[Event "Dundee & Angus Major"]
[Site "?"]
[Date "2013.10.13"]
[Round "5"]
[White "Pearston, John"]
[Black "Stewart, Jack"]
[Result "1-0"]
[WhiteElo "1500"]
[BlackElo "1232"]
[PlyCount "85"]
[EventDate "2013.??.??"]

1. d4 d5 2. c4 e6 3. Nc3 Nf6 4. e3 Be7 5. Nf3 b6 6. Be2 Bb7 7. O-O O-O 8. Bd2
Nbd7 9. cxd5 Nxd5 10. Rc1 N7f6 11. Ne5 c5 12. dxc5 Bxc5 13. a3 Qe7 14. Nd3 Nxc3
15. Rxc3 Ne4 16. Rc2 Qd8 17. Nxc5 Nxc5 18. Bb4 Qg5 19. Bf3 Rfd8 20. Qe2 Bxf3
21. Qxf3 Qg6 22. Rd2 Ne4 23. Rxd8+ Rxd8 24. Rd1 Rxd1+ 25. Qxd1 Qf6 26. f3 Ng5
27. h4 h6 28. hxg5 Qxg5 29. Qd3 h5 30. Qe4 h4 31. Be1 h3 32. g3 Qb5 33. Qc2 Qe5
34. Qf2 Qf6 35. g4 Qe5 36. Bc3 Qc5 37. Kh2 f5 38. gxf5 exf5 39. Qg3 Qe7 40.
Kxh3 Qd7 41. Kh4 Kh7 42. Qxg7+ Qxg7 43. Bxg7 1-0

[Event "Dundee & Angus Minor"]
[Site "?"]
[Date "11.10.11"]
[Round "1"]
[White "Howie, Colin"]
[Black "D'Costa, Leston"]
[Result "1/2-1/2"]
[WhiteElo "1346"]
[BlackElo "1042"]
[PlyCount "96"]
[EventDate "11.??.??"]

1. e4 c5 2. Nf3 Nc6 3. d4 cxd4 4. Nxd4 g6 5. Be3 Bg7 6. Nc3 Nf6 7. f3 O-O 8.
Qd2 d5 9. Nxc6 bxc6 10. O-O-O Be6 11. e5 Nd7 12. f4 Qa5 13. a3 Nb6 14. Bc5 Qxc5
15. b4 Nc4 16. bxc5 Nxd2 17. Rxd2 f6 18. exf6 Bxf6 19. Na2 a5 20. Bd3 Rab8 21.
Re1 Bf7 22. c3 Rb3 23. Bc2 Rxa3 24. Kb2 Rxa2+ 25. Kxa2 Bxc3 26. Rde2 Bxe1 27.
Rxe1 e6 28. Ba4 Rc8 29. Rb1 Be8 30. Rb6 Kg7 31. g4 Kf6 32. Rb7 e5 33. fxe5+
Kxe5 34. Rxh7 Kf4 35. h3 d4 36. Kb2 Rb8+ 37. Kc2 Rb4 38. Bb3 d3+ 39. Kc3 g5 40.
Rg7 d2 41. Bc2 Rb1 42. Kxd2 Rh1 43. Rg8 Bd7 44. Rf8+ Kg3 45. Rg8 Rxh3 46. Rxg5
Rh4 47. Bf5 Bxf5 48. gxf5+ Kf4 {Remaining moves not recorded} 1/2-1/2

[Event "Dundee & Angus Minor"]
[Site "?"]
[Date "2013.10.11"]
[Round "1"]
[White "DePasquale, Duncan"]
[Black "Alomenu, Gilbert"]
[Result "0-1"]
[WhiteElo "864"]
[BlackElo "1208"]
[PlyCount "94"]
[EventDate "2013.??.??"]

1. c4 e5 2. Nc3 Nf6 3. e4 c6 4. Nge2 d5 5. cxd5 cxd5 6. exd5 Nxd5 7. g3 Nxc3 8.
Nxc3 Nc6 9. Bg2 Be7 10. O-O O-O 11. d3 f5 12. Qb3+ Kh8 13. Ne2 Bd6 14. f4 exf4
15. Nxf4 Nd4 16. Qc3 Bxf4 17. Qe1 Bxc1 18. Rxc1 Qb6 19. Rf2 Bd7 20. Qe3 Rae8
21. Be4 fxe4 22. Rxf8+ Rxf8 23. Kg2 exd3 24. Qxd3 Bc6+ 25. Kh3 Bd7+ 26. Kg2
Qxb2+ 27. Rc2 Qxc2+ 28. Qxc2 Nxc2 29. h4 Bc6+ 30. Kh3 Ne3 31. a4 Rf2 32. g4
Rf3+ 33. Kh2 Nxg4+ 34. Kg1 Ne3 35. h5 Rf1+ 36. Kh2 Bxa4 37. h6 g6 38. Kg3 Nf5+
39. Kg2 Bb5 40. Kh2 g5 41. Kh3 Nxh6 42. Kg2 Nf5 43. Kh3 h5 44. Kh2 h4 45. Kg2
Ne3+ 46. Kh2 Bc6 47. Kh3 Rh1# 0-1

[Event "Dundee & Angus Minor"]
[Site "?"]
[Date "2013.10.11"]
[Round "1"]
[White "Paton, Lisa"]
[Black "Coope, Derek"]
[Result "0-1"]
[WhiteElo "990"]
[BlackElo "1332"]
[PlyCount "54"]
[EventDate "2013.??.??"]

1. d4 g6 2. Nf3 Bg7 3. e3 b6 4. Nbd2 Bb7 5. c3 Nf6 6. Bd3 O-O 7. O-O d6 8. Re1
Nbd7 9. Qc2 Rc8 10. e4 c5 11. e5 Nd5 12. a3 dxe5 13. dxe5 e6 14. Ne4 Nxe5 15.
Nxe5 Bxe5 16. Bh6 Bg7 17. Bxg7 Kxg7 18. c4 Nf6 19. Qc3 Qd4 20. Qxd4 cxd4 21.
Nd6 Rc7 22. Nxb7 Rxb7 23. Rad1 Re8 24. Be4 Rc7 25. Rxd4 e5 26. Bd3 exd4 27.
Rxe8 Nxe8 0-1

[Event "Dundee & Angus Minor"]
[Site "?"]
[Date "2013.10.11"]
[Round "1"]
[White "Constance, Tom"]
[Black "Cubitt, David"]
[Result "0-1"]
[WhiteElo "944"]
[BlackElo "1326"]
[PlyCount "102"]
[EventDate "2013.??.??"]

1. d4 d5 2. e3 Nf6 3. Bd3 e6 4. Nf3 c5 5. c3 Nc6 6. b3 Bd6 7. Nbd2 e5 8. Be2 e4
9. Ne5 Nxe5 10. dxe5 Bxe5 11. Bb2 O-O 12. O-O Be6 13. Qc2 Qc7 14. h3 Rfd8 15.
Rad1 Qd7 16. g4 Qc6 17. a4 Rac8 18. f4 exf3 19. Bxf3 Qc7 20. Rf2 d4 21. cxd4
cxd4 22. Qxc7 Rxc7 23. exd4 Bxd4 24. Bxd4 Rxd4 25. Re2 Kf8 26. Re3 b6 27. Ne4
Rxd1+ 28. Bxd1 Nxe4 29. Rxe4 Rc1 30. Re1 Bxb3 31. Kf2 Rxd1 32. Ke2 Rxe1+ 33.
Kxe1 Bxa4 34. Kd2 Ke7 35. Kc3 Ke6 36. Kb4 b5 37. Kc3 Ke5 38. Kd3 Kf4 39. Ke2
Kg3 40. Ke3 Kxh3 41. Kf4 b4 42. Ke3 Kxg4 43. Ke2 h5 44. Kd3 h4 45. Kc4 b3 46.
Kc3 h3 47. Kb2 h2 48. Kb1 h1=Q+ 49. Kb2 Qg2+ 50. Ka3 b2 51. Kxa4 b1=Q {#R} 0-1

[Event "Dundee & Angus Minor"]
[Site "?"]
[Date "2013.10.11"]
[Round "1"]
[White "Newton, David"]
[Black "Cutting, Ronnie"]
[Result "0-1"]
[WhiteElo "539"]
[BlackElo "1146"]
[PlyCount "86"]
[EventDate "2013.??.??"]

1. f4 g6 2. Nf3 Bg7 3. g3 d6 4. d4 b6 5. Bg2 Bb7 6. O-O Nd7 7. Be3 c5 8. Nh4
Bxg2 9. Nxg2 Ngf6 10. c3 Rc8 11. d5 Ng4 12. h3 Nxe3 13. Nxe3 Nf6 14. Qa4+ Qd7
15. Qa6 O-O 16. Nd2 Qxh3 17. Rf3 Qd7 18. Ndf1 Ra8 19. Nh2 e6 20. Rd1 exd5 21.
Nxd5 Nxd5 22. Rxd5 Qe6 23. Rd1 Rfd8 24. a3 Rd7 25. g4 d5 26. f5 Qe5 27. Rd2 d4
28. Qb5 Rd6 29. c4 Rad8 30. Qa6 R6d7 31. Kg2 Bf6 32. Rdd3 Qxe2+ 33. Kh3 g5 34.
b4 Be5 35. Nf1 f6 36. Qa4 Qe1 37. Qc2 Qh4+ 38. Kg2 Qxg4+ 39. Ng3 h5 40. Kf2
Bxg3+ 41. Rxg3 Qxf5+ 42. Ke2 Re8+ 43. Kd2 Qf2+ {#R} 0-1

[Event "Dundee & Angus Minor"]
[Site "?"]
[Date "2013.10.11"]
[Round "1"]
[White "Watson, Dave"]
[Black "Smith, Callum"]
[Result "1-0"]
[WhiteElo "1222"]
[BlackElo "868"]
[PlyCount "29"]
[EventDate "2013.??.??"]

1. e4 e5 2. Nf3 Nc6 3. Bc4 Bc5 4. c3 Nf6 5. d3 d5 6. exd5 Nxd5 7. O-O O-O 8. b4
Bb6 9. a4 a5 10. b5 Nde7 11. bxc6 bxc6 12. Nxe5 Qd6 13. d4 c5 14. Ba3 Rd8 15.
Nxf7 {#r} 1-0

[Event "Dundee & Angus Minor"]
[Site "?"]
[Date "2013.10.12"]
[Round "2"]
[White "Coope, Derek"]
[Black "McCulloch, Andrew"]
[Result "1/2-1/2"]
[WhiteElo "1332"]
[BlackElo "1104"]
[PlyCount "83"]
[EventDate "2013.??.??"]

1. g3 d5 2. Nf3 Nf6 3. b3 g6 4. Bb2 Bg7 5. Bg2 O-O 6. O-O Bf5 7. d3 Qd7 8. Nbd2
Bh3 9. c4 Bxg2 10. Kxg2 c6 11. Rc1 Rd8 12. a3 e6 13. b4 Qe8 14. Re1 a6 15. Qb3
Nbd7 16. Bc3 Rdb8 17. Qb2 Rc8 18. Nb3 b6 19. c5 bxc5 20. Nxc5 Nxc5 21. Bxf6
Bxf6 22. Qxf6 Nd7 23. Qb2 Qe7 24. Rc2 Rab8 25. Qc1 Qd6 26. Qd2 Rc7 27. Rec1
Rbc8 28. Qh6 Nf6 29. h3 Qf8 30. Qf4 Kg7 31. Qe5 Qe7 32. g4 Kg8 33. Nd4 Nd7 34.
Qg3 c5 35. bxc5 Rxc5 36. Rxc5 Nxc5 37. Nb3 Qf8 38. Nxc5 Rxc5 39. Rxc5 Qxc5 40.
Qb8+ Kg7 41. Qe5+ Kg8 42. Qb8+ {#d} 1/2-1/2

[Event "Dundee & Angus Minor"]
[Site "?"]
[Date "2013.10.12"]
[Round "2"]
[White "Cubitt, David"]
[Black "Smith, Mark"]
[Result "1/2-1/2"]
[WhiteElo "1326"]
[BlackElo "1046"]
[PlyCount "71"]
[EventDate "2013.??.??"]

1. d4 f5 2. Bg5 d5 3. c4 Nf6 4. Bxf6 exf6 5. cxd5 Qxd5 6. e3 Bb4+ 7. Nd2 Qa5 8.
Bc4 Bd7 9. Ngf3 Bc6 10. O-O f4 11. e4 Bxd2 12. Nxd2 Bd7 13. Nb3 Qg5 14. Re1 Bh3
15. g3 Bg4 16. Qd2 fxg3 17. Qxg5 gxf2+ 18. Kxf2 fxg5 19. Kg3 Bh5 20. Nc5 Nc6
21. Ne6 Kd7 22. Nxg7 Bg6 23. Ne6 Kd6 24. e5+ Kd7 25. Nxg5 Nxd4 26. Rad1 c5 27.
Nf3 Kc6 28. Nxd4+ cxd4 29. Rxd4 Kc5 30. Rf4 Rad8 31. Bb3 Rd3+ 32. Rf3 Rd2 33.
Rf2 Rxf2 34. Kxf2 Re8 35. e6 Re7 36. Rc1+ {#d} 1/2-1/2

[Event "Dundee & Angus Minor"]
[Site "?"]
[Date "2013.10.12"]
[Round "2"]
[White "Cutting, Ronnie"]
[Black "Watson, Dave"]
[Result "1-0"]
[WhiteElo "1146"]
[BlackElo "1222"]
[PlyCount "45"]
[EventDate "2013.??.??"]

1. Nf3 Nc6 2. d4 d5 3. Bf4 Nf6 4. e3 a6 5. c3 Bg4 6. Nbd2 e6 7. h3 Bh5 8. g4
Bg6 9. Nh4 Be4 10. f3 Nxg4 11. hxg4 g5 12. Bg3 Bd6 13. Bf2 gxh4 14. Bxh4 Bxf3
15. Qxf3 Ne7 16. e4 Qd7 17. e5 Bxe5 18. dxe5 O-O-O 19. Nb3 Rde8 20. O-O-O Ng6
21. Bg3 Qa4 22. Kb1 Kd7 23. Nc5+ {#r} 1-0

[Event "Dundee & Angus Minor"]
[Site "?"]
[Date "2013.10.12"]
[Round "2"]
[White "Jose, Thomas"]
[Black "Kearns, Samuel"]
[Result "1-0"]
[WhiteElo "1179"]
[BlackElo "858"]
[PlyCount "127"]
[EventDate "2013.??.??"]

1. e4 e5 2. Nf3 Nc6 3. d4 f6 4. d5 Na5 5. Bd2 c6 6. b4 cxd5 7. exd5 Nc6 8. dxc6
dxc6 9. Bd3 Bd6 10. O-O Be6 11. c4 c5 12. bxc5 Bxc5 13. Be4 Qd7 14. Qc2 g6 15.
Rd1 O-O-O 16. a4 Ne7 17. Na3 b6 18. a5 Bf5 19. Bxf5 Nxf5 20. axb6 axb6 21. Nb5
Nd4 22. Ra8+ Kb7 23. Qe4+ Qc6 24. Ra7+ Kb8 25. Qxc6 Nxc6 26. Rc7 Nd4 27. Nfxd4
Bxd4 28. Kf1 Bc3 29. Ke2 Bxd2 30. Rxd2 Rxd2+ 31. Kxd2 Rd8+ 32. Ke2 Rc8 33. Rxh7
Rxc4 34. Rh8+ Rc8 35. Rxc8+ Kxc8 36. Nd6+ Kd7 37. Nb5 Ke6 38. h4 f5 39. Ke3 Kd5
40. Nc3+ Kc4 41. Nd1 b5 42. f3 b4 43. Kd2 f4 44. Nb2+ Kd4 45. Kc2 e4 46. fxe4
Kxe4 47. Kd2 f3 48. g3 Kf5 49. Ke3 Kg4 50. Kf2 b3 51. Nd3 g5 52. hxg5 Kxg5 53.
Kxf3 Kf5 54. g4+ Kg6 55. Kf4 Kh6 56. Kf5 Kg7 57. Kg5 Kh7 58. Kf6 Kg8 59. Kg6
Kh8 60. Kf7 Kh7 61. g5 Kh8 62. Nb2 Kh7 63. g6+ Kh8 64. g7+ {#r} 1-0

[Event "Dundee & Angus Minor"]
[Site "?"]
[Date "2013.10.12"]
[Round "2"]
[White "Kearns, Alan"]
[Black "Howie, Colin"]
[Result "0-1"]
[WhiteElo "722"]
[BlackElo "1346"]
[PlyCount "104"]
[EventDate "2013.??.??"]

1. e4 c6 2. Nc3 d5 3. f4 dxe4 4. Nxe4 Nf6 5. Nxf6+ exf6 6. Nf3 Bg4 7. d3 Bc5 8.
c3 O-O 9. h3 Re8+ 10. Be2 Bxf3 11. gxf3 Be3 12. d4 f5 13. Qd3 Qh4+ 14. Kd1 Qxf4
15. Kc2 Nd7 16. Bd2 Nf6 17. Rhe1 Bxd2 18. Qxd2 Qxd2+ 19. Kxd2 Re7 20. Bd3 Rae8
21. Rxe7 Rxe7 22. Re1 Rxe1 23. Kxe1 g6 24. Kf2 f4 25. Kg2 Kf8 26. Bc4 Nd5 27.
Bxd5 cxd5 28. b3 b5 29. a3 Ke7 30. Kh2 Kd6 31. h4 Ke6 32. Kh3 f5 33. Kh2 h6 34.
Kh3 g5 35. hxg5 hxg5 36. Kg2 g4 37. Kf2 Kf6 38. Ke2 Kg5 39. Kf2 Kh4 40. Kg2 g3
41. a4 bxa4 42. bxa4 Kg5 43. Kh3 Kf6 44. Kg2 Ke6 45. Kf1 Kd6 46. Kg2 Kc6 47.
Kh3 Kb6 48. Kg2 Ka5 49. Kh3 Kxa4 50. c4 dxc4 51. d5 Kb5 52. d6 Kc6 {#R} 0-1